Reverse Dictionary #27 - Statistics

General Stats
  • This quiz has been taken 59 times
  • The average score is 17 of 25
Answer Stats
Definition First Letter Word % Correct
Employment. W Work
96%
(of a group of organisms, as a species) No longer in existence; having died out. E Extinct
94%
A vessel for boiling a liquid or cooking food, usually metal and equipped with a lid. K Kettle
94%
Elementary, simple, fundamental, merely functional. B Basic
92%
Final, ultimate, coming after all others of its kind. L Last
92%
A part of culture that is passed from person to person or generation to generation, possibly differing in detail from family to family, such as the way to celebrate holidays. T Tradition
90%
To go after; to pursue; to move behind in the same path or direction, especially with the intent of catching. F Follow
88%
(history, anthropology) An ethnic group larger than a band or clan (and which may contain clans) but smaller than a nation (and which in turn may be contained within a nation), and often the basis of ethnic identity. T Tribe
86%
(US) A streetcar or light train. T Trolley
86%
To conduct (oneself) well, or in a given way. B Behave
84%
In a state of decay. R Rotten
78%
A container, typically made of glass or plastic and having a tapered neck, used primarily for holding liquids. B Bottle
76%
Someone who is banished from their home or country. E Exile
73%
(chemistry) Any one of the simplest chemical substances that cannot be decomposed in a chemical reaction or by any chemical means and made up of atoms all having the same number of protons. E Element
67%
Newly produced or obtained; recent. F Fresh
61%
A hole in the ground. P Pit
61%
(sciences) A eukaryote of the clade Animalia; a multicellular organism that is usually mobile, whose cells are not encased in a rigid cell wall (distinguishing it from plants and fungi) and which derives energy solely from the consumption of other organisms (distinguishing it from plants). A Animal
55%
One who has a position of authority in a hierarchical organization, especially in military, police or government organizations. O Officer
55%
A particular way in which items are organized. A Arrangement
53%
A part broken off; a small, detached portion; an imperfect part, either physically or not. F Fragment
49%
(music) A wind instrument consisting of a tube, often lined with holes over which the player’s fingers are directly placed to adjust pitch, sounded by blowing into the tube. P Pipe
43%
(law) The institution of legal proceedings (particularly criminal) against a person. P Prosecution
35%
To dishearten; to depress the spirits of; to deprive of confidence. D Discourage
27%
Inadequacy or incompleteness. D Deficiency
16%
An organized culture encompassing many communities, often on the scale of a nation or a people; a stage or system of social, political, or technical development. C Civilization
14%
No matching quizzes found
Score Distribution
Percent of People with Each Score
Percentile by Number Answered
Your Score History
You have not taken this quiz